[Event "Izmailov Memorial op 16th"]
[Site "Tomsk"]
[Date "2012.08.14"]
[Round "9"]
[White "Postnikov, Alexey"]
[Black "Tarasov, Valentin"]
[Result "1-0"]
[WhiteElo "2107"]
[BlackElo "2020"]
[PlyCount "110"]
[EventDate "2012.08.06"]
[EventType "swiss"]
[EventRounds "9"]
[EventCountry "RUS"]
[SourceTitle "CBM 149 Extra"]
[Source "ChessBase"]
[SourceDate "2012.08.24"]
[SourceVersion "1"]
[SourceVersionDate "2012.08.24"]
[SourceQuality "1"]

1. d4 Nf6 2. Nf3 g6 3. g3 Bg7 4. Bg2 0-0 5. 0-0 d6 6. c4 Nbd7 7. Nc3 e5 8. e4 exd4 9. Nxd4 Re8 10. Re1 Nc5 11. h3 a5 12. Ndb5 Be6 13. e5 dxe5 14. Qxd8 Raxd8 15. Nxc7 Re7 16. Nxe6 Rxe6 17. Be3 b6 18. Rab1 Bf8 19. Nd5 h6 20. Red1 Kg7 21. Kh2 Nxd5 22. Bxd5 Red6 23. b4 axb4 24. Rxb4 Rf6 25. f4 Nd7 26. fxe5 Nxe5 27. Rxb6 Nxc4 28. Rxf6 Nxe3 29. Rxf7+ Kh8 30. Rd3 Nxd5 31. Rf2 Bb4 32. Rb2 Bc3 33. Rb5 Ra8 34. Rdxd5 Rxa2+ 35. Kh1 Ra7 36. Rd6 Kh7 37. Rbb6 Rg7 38. Kg2 h5 39. Kf3 Ba5 40. Ra6 Bb4 41. Rdb6 Bc5 42. Rc6 Bb4 43. Ra4 Rf7+ 44. Kg2 Be1 45. Re4 Bd2 46. Rce6 Bg5 47. Rd6 Bf6 48. Rf4 Kg7 49. Kf3 Rf8 50. Rd7+ Kh6 51. Kg2 g5 52. Ra4 Kg6 53. Rd6 Kg7 54. Ra7+ Kg6 55. Raa6 Kg7 1-0

[Event "Novokuznetsk Goryainov op"]
[Site "Novokuznetsk"]
[Date "2010.08.14"]
[Round "3"]
[White "Malyshev, Sergey"]
[Black "Postnikov, Alexey"]
[Result "1-0"]
[WhiteElo "2246"]
[BlackElo "1983"]
[PlyCount "53"]
[EventDate "2010.08.12"]
[EventType "swiss"]
[EventRounds "9"]
[EventCountry "RUS"]
[SourceTitle "CBM 138 Extra"]
[Source "ChessBase"]
[SourceDate "2010.10.29"]
[SourceVersion "1"]
[SourceVersionDate "2010.10.29"]
[SourceQuality "1"]

1. e4 c5 2. Nf3 e6 3. d4 cxd4 4. Nxd4 a6 5. Bd3 Qc7 6. 0-0 Nf6 7. b3 b6 8. Bb2 d6 9. c4 Bb7 10. Nc3 Nbd7 11. Qe2 Be7 12. Kh1 0-0 13. f4 Rad8 14. Rae1 Ne8 15. Qh5 g6 16. Qh3 Bf6 17. Nf3 Nc5 18. Bb1 Bg7 19. f5 Nf6 20. fxe6 Nfxe4 21. Bxe4 Bxc3 22. Bxc3 Nxe4 23. Rxe4 Bxe4 24. Ng5 f5 25. Qe3 Qc6 26. e7 h6 27. exd8Q 1-0

[Event "Berdsk Maestro op 16th"]
[Site "Berdsk"]
[Date "2010.07.14"]
[Round "7"]
[White "Postnikov, Alexey"]
[Black "Piskunov, Alexandr"]
[Result "0-1"]
[WhiteElo "2024"]
[BlackElo "2174"]
[PlyCount "70"]
[EventDate "2010.07.08"]
[EventType "swiss"]
[EventRounds "9"]
[EventCountry "RUS"]
[SourceTitle "EXT 2011"]
[Source "ChessBase"]
[SourceDate "2010.11.26"]
[SourceVersion "1"]
[SourceVersionDate "2010.11.26"]
[SourceQuality "1"]

1. d4 d6 2. Nf3 Nf6 3. g3 Nbd7 4. c4 c5 5. d5 g6 6. Nc3 Bg7 7. Bg2 0-0 8. 0-0 Nb6 9. Nd2 e6 10. a4 exd5 11. cxd5 Re8 12. a5 Nbd7 13. Nb5 Bf8 14. Nc4 Ne5 15. b3 Bf5 16. Bg5 Nxc4 17. bxc4 Bg7 18. Ra2 a6 19. Nc3 b6 20. e4 Bd7 21. Qc2 bxa5 22. Rfa1 a4 23. Nxa4 Rb8 24. e5 Rxe5 25. Bf4 Re8 26. Nxc5 dxc5 27. Bxb8 Qxb8 28. Rxa6 Bf5 29. Qa4 Nd7 30. Rd1 Bd4 31. h3 Qb2 32. Qa2 Bxf2+ 33. Kh2 Bxg3+ 34. Kxg3 Qe5+ 35. Kf2 Qe3+ 0-1

[Event "Berdsk Maestro op 16th"]
[Site "Berdsk"]
[Date "2010.07.11"]
[Round "4"]
[White "Loginov, Vladislav"]
[Black "Postnikov, Alexey"]
[Result "1-0"]
[WhiteElo "2142"]
[BlackElo "2024"]
[PlyCount "129"]
[EventDate "2010.07.08"]
[EventType "swiss"]
[EventRounds "9"]
[EventCountry "RUS"]
[SourceTitle "EXT 2011"]
[Source "ChessBase"]
[SourceDate "2010.11.26"]
[SourceVersion "1"]
[SourceVersionDate "2010.11.26"]
[SourceQuality "1"]

1. d4 d5 2. c4 e6 3. Nf3 Nf6 4. g3 Bb4+ 5. Bd2 Be7 6. Bg2 0-0 7. 0-0 c6 8. Qc2 b6 9. Bf4 Ba6 10. Nbd2 Nbd7 11. b3 Nh5 12. Be3 Rc8 13. Qb2 c5 14. Rfc1 e5 15. dxe5 d4 16. Bf4 g5 17. e3 gxf4 18. exf4 f5 19. exf6 Bxf6 20. Re1 Qc7 21. Ne4 Bb7 22. Nfg5 Rfe8 23. Qe2 Ng7 24. Qg4 h6 25. Qxd7 Bxg5 26. Qxc7 Rxc7 27. fxg5 Bxe4 28. Rxe4 Rxe4 29. Bxe4 hxg5 30. Re1 Kf7 31. Bd3 Kf6 32. Kg2 Ne6 33. Re4 Rg7 34. h4 gxh4 35. Rxh4 Re7 36. Re4 Rg7 37. f4 Rg8 38. Kf3 Rh8 39. Re2 Rh1 40. Rd2 Re1 41. Be2 Rh1 42. Rd1 Rh2 43. Rg1 a6 44. Rg2 Rh1 45. g4 Rh3+ 46. Rg3 Rh2 47. g5+ Kf7 48. f5 Ng7 49. Bd3 Nh5 50. Rg1 Rh3+ 51. Kg4 Rxd3 52. Kxh5 Rh3+ 53. Kg4 Rh2 54. a4 d3 55. Rd1 d2 56. Kf4 Rf2+ 57. Ke5 Ke7 58. f6+ Kf7 59. Kd6 Rg2 60. Kc6 Rxg5 61. Rxd2 Rg3 62. Rb2 Kxf6 63. Kxb6 Rg5 64. Ka5 Ke6 65. Kb6 1-0

[Event "Sibiria Region-ch"]
[Site "Irkutsk"]
[Date "2010.05.22"]
[Round "9"]
[White "Ostapenko, Dmitry"]
[Black "Postnikov, Alexey"]
[Result "1-0"]
[WhiteElo "2320"]
[BlackElo "2004"]
[PlyCount "85"]
[EventDate "2010.05.15"]
[EventType "swiss"]
[EventRounds "9"]
[EventCountry "RUS"]
[SourceTitle "CBM 136 Extra"]
[Source "ChessBase"]
[SourceDate "2010.07.02"]
[SourceVersion "2"]
[SourceVersionDate "2010.07.15"]
[SourceQuality "1"]

1. Nf3 Nf6 2. g3 d5 3. Bg2 e6 4. 0-0 Be7 5. c4 0-0 6. d4 Nbd7 7. Nbd2 b6 8. Ne5 Bb7 9. Qa4 Nxe5 10. dxe5 Nd7 11. f4 c6 12. Qc2 dxc4 13. Nxc4 b5 14. Nd6 Bxd6 15. exd6 Qb6+ 16. Kh1 Rad8 17. e4 e5 18. Rd1 Rfe8 19. b4 Nf6 20. Bb2 Ng4 21. h3 Nf2+ 22. Kh2 Nxd1 23. Rxd1 f6 24. fxe5 fxe5 25. Qb3+ Kh8 26. Qf7 c5 27. bxc5 Qxc5 28. Qxb7 Qc2 29. Bxe5 Rxe5 30. Qc7 Qxc7 31. dxc7 Rc8 32. Rd8+ Re8 33. Rd7 Re5 34. h4 b4 35. Bf1 Kg8 36. Ba6 Rxc7 37. Rxc7 Rxe4 38. Rxa7 h5 39. Kg2 Rd4 40. Kf3 Rd2 41. Rb7 Rb2 42. Bc4+ Kh7 43. Bb3 1-0

[Event "Berdsk op"]
[Site "Berdsk"]
[Date "2010.01.04"]
[Round "3"]
[White "Khanin, Semen"]
[Black "Postnikov, Alexey"]
[Result "1-0"]
[WhiteElo "1966"]
[BlackElo "1983"]
[PlyCount "45"]
[EventDate "2010.01.02"]
[EventType "swiss"]
[EventRounds "9"]
[EventCountry "RUS"]
[SourceTitle "CBM 134 Extra"]
[Source "ChessBase"]
[SourceDate "2010.03.03"]
[SourceVersion "1"]
[SourceVersionDate "2010.03.03"]
[SourceQuality "1"]

1. e4 c5 2. Nf3 e6 3. d4 cxd4 4. Nxd4 a6 5. Nc3 Qc7 6. Be2 Nf6 7. 0-0 Nc6 8. Be3 b5 9. Nxc6 dxc6 10. f4 Bb7 11. e5 Rd8 12. Bd3 b4 13. exf6 bxc3 14. bxc3 c5 15. Qe2 gxf6 16. Bxa6 Bd5 17. Bb5+ Ke7 18. Qf2 Rc8 19. c4 Qb6 20. Rab1 Ba8 21. Rfd1 Rc7 22. Rd7+ Rxd7 23. Bxc5+ 1-0

[Event "Berdsk op"]
[Site "Berdsk"]
[Date "2010.01.03"]
[Round "2"]
[White "Postnikov, Alexey"]
[Black "Latyev, Viktor"]
[Result "1-0"]
[WhiteElo "1983"]
[BlackElo "1932"]
[PlyCount "79"]
[EventDate "2010.01.02"]
[EventType "swiss"]
[EventRounds "9"]
[EventCountry "RUS"]
[SourceTitle "CBM 134 Extra"]
[Source "ChessBase"]
[SourceDate "2010.03.03"]
[SourceVersion "1"]
[SourceVersionDate "2010.03.03"]
[SourceQuality "1"]

1. d4 d5 2. c4 c6 3. Nf3 Nf6 4. g3 dxc4 5. Bg2 b5 6. a4 Bb7 7. Ne5 a6 8. b3 cxb3 9. Qxb3 e6 10. axb5 axb5 11. Rxa8 Bxa8 12. Bb2 Be7 13. 0-0 0-0 14. Qa2 Bb7 15. Qa7 Qc8 16. Rc1 Nfd7 17. Nc3 b4 18. Na4 f6 19. Nc4 Ba6 20. Na5 Bb5 21. Nb6 Nxb6 22. Qxb6 Bd8 23. Qxb5 cxb5 24. Rxc8 Bxa5 25. Rc5 Bd8 26. Rxb5 Be7 27. Rb6 Kf7 28. Bh3 Rd8 29. Bxe6+ Ke8 30. e4 Nd7 31. Rb7 Nb8 32. f4 Nc6 33. d5 Bc5+ 34. Kf1 Ne7 35. Rb5 Bd6 36. e5 fxe5 37. fxe5 Rb8 38. Rxb8+ Bxb8 39. Bd4 g6 40. Ke2 1-0

[Event "Berdsk Maestro op 15th"]
[Site "Berdsk"]
[Date "2009.07.14"]
[Round "7"]
[White "Postnikov, Alexey"]
[Black "Habarov, Sergey"]
[Result "0-1"]
[WhiteElo "1982"]
[BlackElo "2174"]
[PlyCount "74"]
[EventDate "2009.07.08"]
[EventType "swiss"]
[EventRounds "9"]
[EventCountry "RUS"]
[SourceTitle "EXT 2022"]
[Source "ChessBase"]
[SourceDate "2021.10.06"]
[SourceVersion "1"]
[SourceVersionDate "2021.10.06"]
[SourceQuality "1"]

1. d4 Nf6 2. Nf3 e6 3. g3 b6 4. Bg2 Bb7 5. 0-0 Be7 6. c4 0-0 7. Nc3 Ne4 8. Qc2 Nxc3 9. Qxc3 c5 10. dxc5 bxc5 11. Rd1 d6 12. Nd2 Bxg2 13. Kxg2 Nc6 14. Ne4 Nd4 15. e3 Ne2 16. Qd3 Nxc1 17. Raxc1 Qb6 18. Rc3 Qc6 19. Kg1 Rfd8 20. Rc2 d5 21. Nc3 d4 22. Qe4 Qxe4 23. Nxe4 f5 24. Nd2 dxe3 25. fxe3 Rd3 26. Re1 Rad8 27. Nf3 Bf6 28. Kf2 g5 29. Ree2 a5 30. b3 g4 31. Ne1 Rd1 32. e4 f4 33. e5 Bg5 34. Re4 R8d4 35. Rce2 f3 36. Rxd4 cxd4 37. Re4 Be3+ 0-1

[Event "Berdsk Maestro op 15th"]
[Site "Berdsk"]
[Date "2009.07.12"]
[Round "5"]
[White "Postnikov, Alexey"]
[Black "Artemiev, Vladislav"]
[Result "1-0"]
[WhiteElo "1982"]
[BlackElo "2099"]
[PlyCount "140"]
[EventDate "2009.07.08"]
[EventType "swiss"]
[EventRounds "9"]
[EventCountry "RUS"]
[SourceTitle "EXT 2022"]
[Source "ChessBase"]
[SourceDate "2021.10.06"]
[SourceVersion "1"]
[SourceVersionDate "2021.10.06"]
[SourceQuality "1"]

1. d4 Nf6 2. Nf3 d5 3. c4 dxc4 4. g3 c6 5. Bg2 Bf5 6. Nc3 e6 7. Ne5 Nbd7 8. Nxc4 Be7 9. 0-0 Bg6 10. Qb3 Nb6 11. Rd1 0-0 12. Ne5 Nfd7 13. Nxg6 hxg6 14. e4 Qc7 15. Be3 Rad8 16. d5 exd5 17. exd5 Ne5 18. Rac1 Nec4 19. Bxb6 Nxb6 20. Nb5 Qb8 21. dxc6 bxc6 22. Bxc6 Bf6 23. Be4 Qe5 24. Bxg6 Rxd1+ 25. Rxd1 Qxb2 26. Qxb2 Bxb2 27. Be4 a5 28. Rd6 Nc4 29. Rd7 Be5 30. Re7 Bf6 31. Rc7 Nb6 32. Rb7 Na4 33. Bc2 Nc3 34. Nd6 a4 35. Ra7 Bd4 36. Rd7 Bc5 37. Nf5 g6 38. Ne7+ Bxe7 39. Rxe7 Nxa2 40. Bxa4 Nb4 41. Bb3 Nc6 42. Rc7 Nd4 43. Bd5 Nf5 44. Kg2 Kg7 45. h4 Nd6 46. Rd7 Ne8 47. Ra7 Nf6 48. Bc4 Ne4 49. f3 Nd6 50. Ba2 Nf5 51. Kh3 Nd6 52. Rd7 Ne8 53. f4 Nf6 54. Ra7 Nh5 55. Rb7 Nf6 56. g4 Ne4 57. g5 Nd6 58. Rd7 Nf5 59. Bb1 Rb8 60. Bxf5 gxf5 61. h5 Kg8 62. Rd5 Rb3+ 63. Kh4 Rf3 64. Rxf5 Rf1 65. Rf6 Kg7 66. Kg4 Rh1 67. h6+ Kg8 68. Kf5 Rh2 69. Rb6 Rh4 70. Rb8+ Kh7 1-0

[Event "Berdsk Maestro op 15th"]
[Site "Berdsk"]
[Date "2009.07.11"]
[Round "4"]
[White "Skokov, Boris"]
[Black "Postnikov, Alexey"]
[Result "0-1"]
[WhiteElo "2105"]
[BlackElo "1982"]
[PlyCount "66"]
[EventDate "2009.07.08"]
[EventType "swiss"]
[EventRounds "9"]
[EventCountry "RUS"]
[SourceTitle "EXT 2022"]
[Source "ChessBase"]
[SourceDate "2021.10.06"]
[SourceVersion "1"]
[SourceVersionDate "2021.10.06"]
[SourceQuality "1"]

1. e4 c5 2. Nf3 e6 3. d4 cxd4 4. Nxd4 a6 5. Nc3 Qc7 6. Be3 Nf6 7. Bd3 Nc6 8. Nb3 Ne5 9. Qe2 b5 10. f4 Nc4 11. Bxc4 bxc4 12. Nd2 Bb7 13. e5 Nd5 14. Nxd5 Bxd5 15. 0-0 c3 16. bxc3 Qxc3 17. Nb3 Bc4 18. Qf3 Rc8 19. Bd4 Qb4 20. c3 Qb5 21. Rfe1 Be7 22. f5 exf5 23. Qxf5 Be6 24. Qf2 0-0 25. Nd2 Bc5 26. Ne4 Bxd4 27. cxd4 Qa4 28. Nc5 Qc6 29. Qe2 a5 30. Qf3 Bd5 31. Qg3 f6 32. Re2 fxe5 33. Qxe5 d6 0-1

[Event "Berdsk Maestro op 15th"]
[Site "Berdsk"]
[Date "2009.07.08"]
[Round "1"]
[White "Postnikov, Alexey"]
[Black "Yakimov, S Yu"]
[Result "1/2-1/2"]
[WhiteElo "1982"]
[BlackElo "2207"]
[PlyCount "110"]
[EventDate "2009.07.08"]
[EventType "swiss"]
[EventRounds "9"]
[EventCountry "RUS"]
[SourceTitle "EXT 2022"]
[Source "ChessBase"]
[SourceDate "2021.10.06"]
[SourceVersion "1"]
[SourceVersionDate "2021.10.06"]
[SourceQuality "1"]

1. d4 d5 2. c4 c6 3. Nf3 Nf6 4. g3 Bf5 5. Bg2 e6 6. 0-0 h6 7. Nc3 Nbd7 8. b3 Bd6 9. Bb2 Qe7 10. Re1 Ba3 11. Bxa3 Qxa3 12. Ne5 Qe7 13. e4 dxe4 14. Nxe4 Rd8 15. Qe2 Nxe4 16. Bxe4 Bxe4 17. Qxe4 0-0 18. Rad1 Qa3 19. Re2 a5 20. Red2 a4 21. Qc2 axb3 22. axb3 Nf6 23. Qa2 Qb4 24. Qc2 Ra8 25. Nd3 Qe7 26. Nc5 Ra7 27. Ne4 Rfa8 28. d5 exd5 29. Nxf6+ Qxf6 30. cxd5 cxd5 31. Rxd5 Ra2 32. Qf5 Qxf5 33. Rxf5 Ra1 34. Rfd5 Kf8 35. Kg2 Rxd1 36. Rxd1 Ra3 37. Rd3 Ke7 38. h4 Ra5 39. Kf3 Ke6 40. Rd4 Rb5 41. Rd3 Rf5+ 42. Ke3 Re5+ 43. Kf3 Rd5 44. Ke3 Rxd3+ 45. Kxd3 Kd5 46. f3 Kc5 47. Kc3 g6 48. g4 f5 49. gxf5 gxf5 50. f4 h5 51. Kd3 Kd5 52. Ke3 Kc5 53. Kd3 Kd5 54. Ke3 Kc5 55. Kd3 Kd5 1/2-1/2

[Event "Izmailov Memorial op 13th"]
[Site "Tomsk"]
[Date "2009.07.01"]
[Round "8"]
[White "Kiryushkin, Alexander"]
[Black "Postnikov, Alexey"]
[Result "1-0"]
[WhiteElo "2035"]
[BlackElo "1957"]
[PlyCount "71"]
[EventDate "2009.06.24"]
[EventType "swiss"]
[EventRounds "9"]
[EventCountry "RUS"]
[SourceTitle "EXT 2010"]
[Source "ChessBase"]
[SourceDate "2010.11.25"]
[SourceVersion "1"]
[SourceVersionDate "2010.11.25"]
[SourceQuality "1"]

1. e4 c5 2. Nf3 Nc6 3. Bb5 e6 4. Bxc6 bxc6 5. d3 d6 6. 0-0 g6 7. c3 Bg7 8. Be3 Rb8 9. Qc2 Qb6 10. Nbd2 Qc7 11. e5 dxe5 12. Bxc5 Ba6 13. Rfe1 Rd8 14. d4 exd4 15. Nxd4 Rd5 16. b4 Bf8 17. Bxf8 Kxf8 18. N2b3 e5 19. Nf3 Bd3 20. Qb2 f6 21. Nc5 Kf7 22. Qb3 Bf5 23. Rad1 Ne7 24. Nd2 Kg7 25. Nc4 Rdd8 26. Ne3 Rxd1 27. Nxf5+ Nxf5 28. Ne6+ Kg8 29. Nxc7+ Kf8 30. Rxd1 Ne3 31. Rd8+ Kg7 32. Rxh8 Kxh8 33. Qf7 h5 34. Qf8+ Kh7 35. Ne8 Ng4 36. Qg7# 1-0

[Event "Izmailov Memorial op 13th"]
[Site "Tomsk"]
[Date "2009.06.30"]
[Round "7"]
[White "Postnikov, Alexey"]
[Black "Kuznetsov, Evgeny"]
[Result "0-1"]
[WhiteElo "1957"]
[BlackElo "2159"]
[PlyCount "128"]
[EventDate "2009.06.24"]
[EventType "swiss"]
[EventRounds "9"]
[EventCountry "RUS"]
[SourceTitle "EXT 2010"]
[Source "ChessBase"]
[SourceDate "2010.11.25"]
[SourceVersion "1"]
[SourceVersionDate "2010.11.25"]
[SourceQuality "1"]

1. d4 Nf6 2. c4 e5 3. dxe5 Ng4 4. Nf3 Bc5 5. e3 Nc6 6. a3 a5 7. b3 0-0 8. Bb2 Re8 9. Be2 Ngxe5 10. Nc3 Nxf3+ 11. Bxf3 Ne5 12. Nd5 Ra6 13. Be4 Rh6 14. Bc2 c6 15. Nf4 Qg5 16. Bd4 d6 17. h4 Rxh4 18. Rxh4 Qxh4 19. Bxc5 dxc5 20. Qh5 Qxh5 21. Nxh5 Rd8 22. Ng3 Kf8 23. Ne4 b6 24. Nc3 Nd3+ 25. Ke2 Nxf2 26. Bxh7 Ng4 27. Be4 Ne5 28. Na4 Bg4+ 29. Bf3 Nxf3 30. gxf3 Be6 31. Rd1 Rb8 32. e4 Ke7 33. Ke3 g6 34. Ke2 g5 35. e5 b5 36. Nxc5 bxc4 37. bxc4 Bxc4+ 38. Ke3 Bd5 39. f4 gxf4+ 40. Kxf4 Rb2 41. Rd4 Rb5 42. Nd3 Rb3 43. a4 Rc3 44. Kf5 Be6+ 45. Ke4 Bb3 46. Kf4 Bc2 47. Nb2 Rb3 48. Nc4 Rb4 49. Ke3 Rxa4 50. Rf4 Bb3 51. Nd2 Rxf4 52. Kxf4 a4 53. Ke3 Bd5 54. Nb1 Ke6 55. Kd4 Kf5 56. Na3 Kf4 57. Nc2 Bb3 58. Na3 c5+ 59. Kxc5 Kxe5 60. Nb1 Ke4 61. Kb4 Kd3 62. Nc3 f5 63. Nb5 f4 64. Nd6 Be6 0-1

[Event "Izmailov Memorial op 13th"]
[Site "Tomsk"]
[Date "2009.06.27"]
[Round "4"]
[White "Slugin, Alexander"]
[Black "Postnikov, Alexey"]
[Result "1-0"]
[WhiteElo "2100"]
[BlackElo "1957"]
[PlyCount "127"]
[EventDate "2009.06.24"]
[EventType "swiss"]
[EventRounds "9"]
[EventCountry "RUS"]
[SourceTitle "EXT 2010"]
[Source "ChessBase"]
[SourceDate "2010.11.25"]
[SourceVersion "1"]
[SourceVersionDate "2010.11.25"]
[SourceQuality "1"]

1. d4 Nf6 2. g3 g6 3. Bg2 Bg7 4. e4 d6 5. Ne2 0-0 6. 0-0 e5 7. h3 Re8 8. d5 Nbd7 9. c4 Nc5 10. Nbc3 a5 11. Be3 Nfd7 12. Qc2 Rf8 13. g4 b6 14. Ng3 Ba6 15. b3 Rb8 16. Qd2 Qe7 17. Rab1 b5 18. cxb5 Bxb5 19. Nxb5 Rxb5 20. Rfc1 Rfb8 21. Bf1 Rb4 22. Rc4 Qd8 23. Rbc1 R8b7 24. Qe1 Rxc4 25. Bxc4 Qh4 26. Bf1 Bh6 27. Rc2 Bxe3 28. Qxe3 Rb4 29. Kg2 Qd8 30. Be2 Qb8 31. h4 a4 32. bxa4 Rxa4 33. h5 Qb1 34. Rc1 Qb4 35. hxg6 fxg6 36. Qg5 Qb8 37. Bc4 Qf8 38. Bb3 Rd4 39. Rc3 Rxe4 40. Bc2 Rf4 41. f3 Qf6 42. Qh6 Qg7 43. Qg5 Qf6 44. Qh6 Rd4 45. Ne4 Qf4 46. Qxf4 exf4 47. Bb3 h6 48. Nxc5 Rd2+ 49. Kf1 dxc5 50. d6+ c4 51. Bxc4+ Kf8 52. dxc7 Nb6 53. a4 Rd1+ 54. Ke2 Ra1 55. Bb3 Nc8 56. Be6 Na7 57. Rc4 Ra2+ 58. Kd1 Ra3 59. Rxf4+ Ke7 60. c8Q Nxc8 61. Bxc8 g5 62. Re4+ Kd8 63. Bb7 Kc7 64. Rb4 1-0

[Event "Sibiria Region-ch"]
[Site "Irkutsk"]
[Date "2009.05.11"]
[Round "2"]
[White "Bahturin, Konstantin"]
[Black "Postnikov, Alexey"]
[Result "1/2-1/2"]
[WhiteElo "2102"]
[BlackElo "1957"]
[PlyCount "102"]
[EventDate "2009.05.10"]
[EventType "swiss"]
[EventRounds "9"]
[EventCountry "RUS"]
[SourceTitle "CBM 130 Extra"]
[Source "ChessBase"]
[SourceDate "2009.07.02"]
[SourceVersion "2"]
[SourceVersionDate "2009.07.15"]
[SourceQuality "1"]

1. d4 Nf6 2. c4 g6 3. Nc3 Bg7 4. e4 d6 5. f3 0-0 6. Be3 e5 7. d5 c6 8. Qd2 cxd5 9. cxd5 a6 10. Bd3 Nh5 11. Nge2 b5 12. g4 Nf4 13. Nxf4 exf4 14. Bxf4 b4 15. Ne2 a5 16. Bg5 Qe8 17. Bh6 Bxh6 18. Qxh6 Qe5 19. Qd2 Ba6 20. Bxa6 Nxa6 21. Qd4 Qe7 22. 0-0 Nc5 23. Rad1 Rac8 24. Ng3 Na4 25. Rd2 Rc7 26. f4 Qh4 27. e5 Rd8 28. exd6 Rxd6 29. Ne4 Qxg4+ 30. Rg2 Qd7 31. Nxd6 Qxd6 32. f5 Nb6 33. fxg6 hxg6 34. Rd2 Nd7 35. Qf4 Qc5+ 36. Qf2 Qf8 37. d6 Rc5 38. Rd3 Rg5+ 39. Rg3 Rd5 40. Qf4 Rxd6 41. Rgf3 f6 42. Qc4+ Kg7 43. Re3 Qd8 44. Qb5 Ne5 45. Rxe5 fxe5 46. Qxe5+ Kg8 47. Re1 Rd2 48. Qe8+ Qxe8 49. Rxe8+ Kg7 50. Ra8 Rxb2 51. Rxa5 Kf6 1/2-1/2

[Event "Novosibirsk Sukharev Memorial op"]
[Site "Novosibirsk"]
[Date "2008.07.28"]
[Round "?"]
[White "Shevchenko, Vitaly"]
[Black "Postnikov, Alexey"]
[Result "0-1"]
[WhiteElo "2122"]
[BlackElo "1958"]
[PlyCount "40"]
[EventDate "2008.07.20"]
[EventType "swiss"]
[EventRounds "9"]
[EventCountry "RUS"]
[SourceTitle "EXT 2022"]
[Source "ChessBase"]
[SourceDate "2021.10.06"]
[SourceVersion "1"]
[SourceVersionDate "2021.10.06"]
[SourceQuality "1"]

1. e4 c5 2. Nf3 e6 3. Nc3 Nc6 4. Bb5 a6 5. Bxc6 bxc6 6. 0-0 Ne7 7. d4 cxd4 8. Qxd4 Ng6 9. e5 c5 10. Qg4 Bb7 11. Re1 Be7 12. Ne4 0-0 13. Bd2 Nxe5 14. Nxe5 f5 15. Qg3 fxe4 16. Bc3 Bh4 17. Qg4 Bxf2+ 18. Kh1 Bxe1 19. Rxe1 Qf6 20. h3 Qe7 0-1

[Event "Novosibirsk Sukharev Memorial op"]
[Site "Novosibirsk"]
[Date "2008.07.27"]
[Round "?"]
[White "Postnikov, Alexey"]
[Black "Dergilev, Igor"]
[Result "0-1"]
[WhiteElo "1958"]
[BlackElo "2239"]
[PlyCount "42"]
[EventDate "2008.07.20"]
[EventType "swiss"]
[EventRounds "9"]
[EventCountry "RUS"]
[SourceTitle "EXT 2022"]
[Source "ChessBase"]
[SourceDate "2021.10.06"]
[SourceVersion "1"]
[SourceVersionDate "2021.10.06"]
[SourceQuality "1"]

1. e4 g6 2. d4 Bg7 3. c3 c5 4. Be3 cxd4 5. cxd4 d5 6. e5 Nc6 7. Nc3 Nh6 8. Qb3 Nf5 9. Qxd5 0-0 10. Bb5 Ncxd4 11. Bd3 Be6 12. Qxd8 Rfxd8 13. Bxd4 Rxd4 14. Bxf5 Bxf5 15. Nf3 Rb4 16. Nd5 Re4+ 17. Kf1 Be6 18. Nc7 Bc4+ 19. Kg1 Rc8 20. Nd2 Rd4 21. Nxc4 Rxc4 0-1